| 000 | 00655nam a22002297a 4500 | ||
|---|---|---|---|
| 003 | DO-SdBNP | ||
| 005 | 20180124141347.0 | ||
| 008 | 151022b sp 1993 ||||| |||| 00| 0 spa d | ||
| 020 | _a8426327265 | ||
| 040 |
_aBPMSU _bSPA _cBPMSU |
||
| 092 |
_axxxx _bxxxx |
||
| 100 | 1 |
_aTerzi, Marinella, _d1958- |
|
| 245 | 1 | 0 |
_aEspiral / _cMarinella Terzi ; ilustrado por Fernando Fernández. |
| 260 |
_aZaragoza : _bEdelvives, _c1993. |
||
| 300 |
_a103 p. : _bil. ; _c18 cm. |
||
| 490 | 1 |
_aAla delta _v169 |
|
| 700 | 1 | 2 |
_aFernández, Fernando, _eil. |
| 830 | 0 |
_aAla delta _v169 |
|
| 942 |
_2ddc _cBK |
||
| 945 | _aInventariado, 2018 /LP | ||
| 956 |
_aLOPEREZ _b10 |
||
| 999 |
_c8430 _d8430 |
||